000 01049nam a22003257a 4500
003 CBULib
005 20240913090351.0
008 230503b |||||||| |||| 00| 0 eng d
020 _a9781138022065
040 _aCBULib
_cCBULib
_bEnglish
_erda
041 _aeng
050 _aG 1046.E27 Lon
100 _aLonesco, Dina
_9268
245 _aThe atlas of environmental migration
_c/ by Dina Ionesco, Daria Mokhnacheva and Fraçois Gemenne
260 _aNew York :
_bRoutledge,
_c2017
300 _axv, 152 pages : illustrations
336 _2rdacontent
_aText |
_btxt
337 _2rdamedia
_aUnmediated |
_bn
338 _2rdacarrier
_aVolume
_bnc
490 _aEarthscan from Routledge
504 _aIncludes bibliographic references and index.
650 0 _aHUMAN BEINGS--MIGRATIONS
_9269
650 0 _aCLIMATE CHANGE
_9270
650 0 _aATLASES
_9271
650 0 _aMIGRATION
_9272
650 0 _aEMIGRATION AND IMMIGRATION
_9273
700 1 _aMokhnacheva, Daria
_9274
700 1 _aGemenne, François,
_9275
_d1980-
942 _c002
_2lcc
999 _c77735
_d77735